000 00343nam a2200145Ia 4500
008 230718s9999 xx 000 0 und d
041 _aEng.
082 _a608.43
_bGAL-O
100 _aGalvin, Silberschaiz
245 0 _aOperating Syriem Cmcqs
260 _aPakistan
_bexford are Press
_c2004
300 _a921
650 _aLaw
999 _c26104
_d26104